Anatomia humana. Descriptiva, topográfica y funcional.
Guardat en:
| Autor principal: | |
|---|---|
| Altres autors: | |
| Format: | Llibre |
| Idioma: | espanyol |
| Publicat: |
Barcelona, España:
Elsevier,
2005.
|
| Edició: | Undécima edición. |
| Matèries: | |
| Etiquetes: |
Afegir etiqueta
Sense etiquetes, Sigues el primer a etiquetar aquest registre!
|
MARC
| LEADER | 00000cam a2200000 a 4500 | ||
|---|---|---|---|
| 001 | UCG9031 | ||
| 003 | CL-VaPUC | ||
| 005 | 20240112115207.0 | ||
| 008 | 120120e20050000SP |||||||||||||||||spa|d | ||
| 999 | |c 346616 |d 346614 | ||
| 020 | |a 9788445813133 | ||
| 040 | |c Pontificia Universidad Católica de Valparaíso | ||
| 082 | 0 | 4 | |a 611 ROU 2005 |2 21 |
| 100 | |a Rouvière, Henri |9 560382 |e autor | ||
| 245 | 1 | 0 | |a Anatomia humana. |b Descriptiva, topográfica y funcional. |
| 250 | |a Undécima edición. | ||
| 260 | |a Barcelona, España: |b Elsevier, |c 2005. | ||
| 300 | |a 4 tomos. | ||
| 505 | |a v.1: Cabeza y cuello. v.2: Tronco. v.3: Miembros. v.4: Sistema nervioso central, vías y centros nervioso. | ||
| 583 | |a last modification |c 20120120 10:38:00 |k Rodrigo Vera | ||
| 650 | 0 | |a Anatomía |9 261202 |x Cuerpo humano | |
| 700 | |a Delmas, André |9 589282 |e autor |e revisor | ||
| 942 | |c BK |2 ddc | ||
| 945 | |d 20120120 00:00:00 |a cmena | ||
| 952 | |0 0 |1 0 |2 ddc |4 0 |6 611_000000000000000_ROU_2005 |7 0 |8 A |9 447402 |a BIBCUR |b BIBCUR |d 2019-11-22 |h t.1 |i 4841220 |l 23 |m 4 |o 611 ROU 2005 |p 4841220 |r 2025-04-23 |s 2025-04-09 |t 1 |w 2019-11-22 |y BK |k BIO | ||
| 952 | |0 0 |1 0 |2 ddc |4 0 |6 611_000000000000000_ROU_2005 |7 0 |8 A |9 447403 |a BIBCUR |b BIBCUR |d 2019-11-22 |h t.1 |i 4841239 |l 18 |m 3 |o 611 ROU 2005 |p 4841239 |r 2025-04-22 |s 2025-04-09 |t 2 |w 2019-11-22 |y BK |k BIO | ||
| 952 | |0 0 |1 0 |2 ddc |4 0 |6 611_000000000000000_ROU_2005 |7 0 |8 A |9 447404 |a BIBCUR |b BIBCUR |d 2019-11-22 |h t.2 |i 4841247 |l 20 |m 5 |o 611 ROU 2005 |p 4841247 |r 2025-04-22 |s 2025-03-26 |t 1 |w 2019-11-22 |y BK |k BIO | ||
| 952 | |0 0 |1 0 |2 ddc |4 0 |6 611_000000000000000_ROU_2005 |7 0 |8 A |9 447405 |a BIBCUR |b BIBCUR |d 2019-11-22 |h t.2 |i 4841255 |l 13 |m 4 |o 611 ROU 2005 |p 4841255 |r 2025-04-22 |s 2025-03-28 |t 2 |w 2019-11-22 |y BK |k BIO | ||
| 952 | |0 0 |1 0 |2 ddc |4 0 |6 611_000000000000000_ROU_2005 |7 0 |8 A |9 447406 |a BIBCUR |b BIBCUR |d 2019-11-22 |h t.3 |i 4841263 |l 34 |m 9 |o 611 ROU 2005 |p 4841263 |r 2025-05-05 |s 2025-04-23 |t 1 |w 2019-11-22 |y BK |k BIO | ||
| 952 | |0 0 |1 0 |2 ddc |4 0 |6 611_000000000000000_ROU_2005 |7 0 |8 A |9 447407 |a BIBCUR |b BIBCUR |d 2019-11-22 |h t.3 |i 4841271 |l 20 |m 6 |o 611 ROU 2005 |p 4841271 |q 2025-05-12 |r 2025-04-22 |s 2025-04-21 |t 2 |w 2019-11-22 |y BK |k BIO | ||
| 952 | |0 0 |1 0 |2 ddc |4 0 |6 611_000000000000000_ROU_2005 |7 0 |8 A |9 447408 |a BIBCUR |b BIBCUR |d 2019-11-22 |h t.4 |i 484128K |l 15 |m 8 |o 611 ROU 2005 |p 484128K |r 2025-04-22 |s 2025-03-25 |t 1 |w 2019-11-22 |y BK |k BIO | ||
| 952 | |0 0 |1 0 |2 ddc |4 0 |6 611_000000000000000_ROU_2005 |7 0 |8 A |9 447409 |a BIBCUR |b BIBCUR |d 2019-11-22 |h t.4 |i 4841298 |l 19 |m 2 |o 611 ROU 2005 |p 4841298 |r 2025-04-22 |s 2025-04-07 |t 2 |w 2019-11-22 |y BK |k BIO | ||
| 952 | |0 0 |1 0 |2 ddc |4 0 |6 611_000000000000000_ROU_2005 |7 0 |8 A |9 593331 |a BIBCUR |b BIBCUR |c GEN |d 2024-01-12 |e 3 |g 53596.50 |h t.3 |i 5660166 |l 17 |m 5 |o 611 ROU 2005 |p 5660166 |q 2025-05-15 |r 2025-05-08 |s 2025-05-08 |t 5 |v 53596.50 |w 2024-01-12 |y BK |k KIN | ||
| 952 | |0 0 |1 0 |2 ddc |4 0 |6 611_000000000000000_ROU_2005 |7 0 |8 A |9 593332 |a BIBCUR |b BIBCUR |c GEN |d 2024-01-12 |e 3 |g 53596.50 |h t.2 |i 5660157 |l 11 |o 611 ROU 2005 |p 5660157 |r 2025-04-22 |s 2025-04-04 |t 3 |v 53596.50 |w 2024-01-12 |y BK |k KIN | ||
| 952 | |0 0 |1 0 |2 ddc |4 0 |6 611_000000000000000_ROU_2005 |7 0 |8 A |9 593333 |a BIBCUR |b BIBCUR |c GEN |d 2024-01-12 |e 3 |g 53596.50 |h t.3 |i 5660162 |l 14 |m 7 |o 611 ROU 2005 |p 5660162 |q 2025-05-12 |r 2025-04-23 |s 2025-04-23 |t 4 |v 53596.50 |w 2024-01-12 |y BK |k KIN | ||
| 952 | |0 0 |1 0 |2 ddc |4 0 |6 611_000000000000000_ROU_2005 |7 0 |8 A |9 593334 |a BIBCUR |b BIBCUR |c GEN |d 2024-01-12 |e 3 |g 53596.50 |h t.4 |i 5660167 |l 10 |m 1 |o 611 ROU 2005 |p 5660167 |r 2025-04-22 |s 2024-10-08 |t 5 |v 53596.50 |w 2024-01-12 |y BK |k KIN | ||
| 952 | |0 0 |1 0 |2 ddc |4 0 |6 611_000000000000000_ROU_2005 |7 0 |8 A |9 593335 |a BIBCUR |b BIBCUR |c GEN |d 2024-01-12 |e 3 |g 53596.50 |h t.1 |i 5660156 |l 11 |m 4 |o 611 ROU 2005 |p 5660156 |r 2025-04-22 |s 2025-04-04 |t 3 |v 53596.50 |w 2024-01-12 |y BK |k KIN | ||
| 952 | |0 0 |1 0 |2 ddc |4 0 |6 611_000000000000000_ROU_2005 |7 0 |8 A |9 593336 |a BIBCUR |b BIBCUR |c GEN |d 2024-01-12 |e 3 |g 53596.50 |h t.2 |i 5660165 |l 9 |o 611 ROU 2005 |p 5660165 |r 2025-05-05 |s 2025-05-05 |t 5 |v 53596.50 |w 2024-01-12 |y BK |k KIN | ||
| 952 | |0 0 |1 0 |2 ddc |4 0 |6 611_000000000000000_ROU_2005 |7 0 |8 A |9 593337 |a BIBCUR |b BIBCUR |c GEN |d 2024-01-12 |e 3 |g 53596.50 |h t.2 |i 5660161 |l 7 |m 3 |o 611 ROU 2005 |p 5660161 |r 2025-04-22 |s 2025-03-20 |t 4 |v 53596.50 |w 2024-01-12 |y BK |k KIN | ||
| 952 | |0 0 |1 0 |2 ddc |4 0 |6 611_000000000000000_ROU_2005 |7 0 |8 A |9 593338 |a BIBCUR |b BIBCUR |c GEN |d 2024-01-12 |e 3 |g 53596.50 |h t.3 |i 5660158 |l 13 |m 2 |o 611 ROU 2005 |p 5660158 |q 2025-05-13 |r 2025-05-06 |s 2025-05-06 |t 3 |v 53596.50 |w 2024-01-12 |y BK |k KIN | ||
| 952 | |0 0 |1 0 |2 ddc |4 0 |6 611_000000000000000_ROU_2005 |7 0 |8 A |9 593339 |a BIBCUR |b BIBCUR |c GEN |d 2024-01-12 |e 3 |g 53596.50 |h t.4 |i 5660159 |l 2 |o 611 ROU 2005 |p 5660159 |r 2025-04-22 |s 2025-04-09 |t 3 |v 53596.50 |w 2024-01-12 |y BK |k KIN | ||
| 952 | |0 0 |1 0 |2 ddc |4 0 |6 611_000000000000000_ROU_2005 |7 0 |8 A |9 593340 |a BIBCUR |b BIBCUR |c GEN |d 2024-01-12 |e 3 |g 53596.50 |h t.4 |i 5660163 |l 3 |m 1 |o 611 ROU 2005 |p 5660163 |r 2025-04-22 |s 2024-10-17 |t 4 |v 53596.50 |w 2024-01-12 |y BK |k KIN | ||
| 952 | |0 0 |1 0 |2 ddc |4 0 |6 611_000000000000000_ROU_2005 |7 0 |8 A |9 593341 |a BIBCUR |b BIBCUR |c GEN |d 2024-01-12 |e 3 |g 53596.50 |h t.1 |i 5660164 |l 8 |m 7 |o 611 ROU 2005 |p 5660164 |r 2025-04-22 |s 2025-04-07 |t 5 |v 53596.50 |w 2024-01-12 |y BK |k KIN | ||
| 952 | |0 0 |1 0 |2 ddc |4 0 |6 611_000000000000000_ROU_2005 |7 0 |8 A |9 593342 |a BIBCUR |b BIBCUR |c GEN |d 2024-01-12 |e 3 |g 53596.50 |h t.1 |i 5660160 |l 12 |m 4 |o 611 ROU 2005 |p 5660160 |r 2025-04-22 |s 2025-04-09 |t 4 |v 53596.50 |w 2024-01-12 |y BK |k KIN | ||